000
00310nam a2200121Ia 4500
008
220204s9999 xx 000 0 und d
020
_a
0415166764
082
_a
331.5
_b
FIN
100
_a
Fine, Ben
245
0
_a
Labour market theory : A constructive reassessment
260
_a
New York
_b
Routledge
942
_c
BK
999
_c
42245
_d
42245